000 00776cam a2200253 4500
001 J2025
008 090401t1993 xxu||||| |||| 00| 0 eng d
035 _a(Sirsi) u46805
041 _aeng
050 _a692.8
090 _aJCT 1993/8AC
110 _aJoint Contracts Tribunal
_93664
245 _aStandard Forms of Building Contract. Practice Note 20: deciding on the appropriate form of JCT main contract. Revised August 1993
260 _aLondon
_bRIBA Publications Ltd.
_c1993
300 _a16p. ; 30cm.
350 _a6.75
490 _aJCT Practice Note
_v20
650 _aBUILT ENVIRONMENT-BUILDING CONTRACT FORMS
650 _aJCT
650 _aPRACTICE NOTE 20
690 _aBUILT ENVIRONMENT-BUILDING CONTRACT FORMS
942 _n0
948 _c04/03/1997
999 _c92011
_d92011